[Event "HUN-ch U10/14"]
[Site "Buek"]
[Date "2023.06.23"]
[Round "7"]
[White "Baki, Bence"]
[Black "Gyorfi, Adam"]
[Result "0-1"]
[WhiteElo "1592"]
[BlackElo "1818"]
[PlyCount "85"]
[EventDate "2023.06.17"]
[EventType "swiss"]
[EventRounds "9"]
[EventCountry "HUN"]
[SourceTitle "CBM 215 Extra"]
[Source "ChessBase"]
[SourceDate "2023.09.30"]
[SourceVersion "1"]
[SourceVersionDate "2023.09.30"]
[SourceQuality "1"]

1. e4 c5 2. Nf3 d6 3. d4 cxd4 4. Nxd4 Nf6 5. Nc3 a6 6. f3 e5 7. Nb3 Be6 8. Be3 Be7 9. Qd2 Nbd7 10. Be2 b5 11. a3 0-0 12. 0-0 Nb6 13. Kh1 Qc7 14. Bxb6 Qxb6 15. f4 Rfd8 16. Nd5 Bxd5 17. exd5 Rac8 18. Rac1 Ne4 19. Qe1 Nc5 20. Nxc5 Qxc5 21. Bg4 Rb8 22. fxe5 Qxd5 23. e6 Bf6 24. exf7+ Kxf7 25. Bf3 Qe5 26. Qa5 Kg8 27. b3 Bg5 28. Rce1 Qc5 29. Qxa6 Qxc2 30. Bd5+ Kh8 31. Rf3 Qd2 32. Ref1 Qxd5 33. Rf5 Qd3 34. a4 Bf6 35. axb5 Re8 36. Qa7 Qxf5 37. Rxf5 Re1+ 38. Qg1 Rxg1+ 39. Kxg1 Kg8 40. Rd5 Be5 41. b4 Kf7 42. Kf2 Ke6 43. Rd4 0-1

[Event "HUN-ch U10/14"]
[Site "Buek"]
[Date "2023.06.22"]
[Round "5"]
[White "Matyassy, Lazar"]
[Black "Gyorfi, Adam"]
[Result "1-0"]
[WhiteElo "2273"]
[BlackElo "1818"]
[PlyCount "59"]
[EventDate "2023.06.17"]
[EventType "swiss"]
[EventRounds "9"]
[EventCountry "HUN"]
[SourceTitle "CBM 215 Extra"]
[Source "ChessBase"]
[SourceDate "2023.09.30"]
[SourceVersion "1"]
[SourceVersionDate "2023.09.30"]
[SourceQuality "1"]

1. e4 c5 2. Nf3 d6 3. d4 cxd4 4. Nxd4 Nf6 5. f3 Nc6 6. Nc3 g6 7. Be3 Bg7 8. Qd2 0-0 9. 0-0-0 Nxd4 10. Bxd4 Be6 11. Kb1 a6 12. g4 Rc8 13. g5 Nh5 14. Bxg7 Nxg7 15. Nd5 Bxd5 16. exd5 f5 17. f4 Re8 18. Be2 e5 19. dxe6 Rxe6 20. Bf3 Re7 21. h4 Rcc7 22. a3 Rcd7 23. Qd5+ Kf8 24. Qd4 Qe8 25. Bd5 Rf7 26. Rhe1 Rde7 27. Bxf7 Qxf7 28. Qxd6 Ne8 29. Qb4 a5 30. Qxa5 1-0

[Event "HUN-ch U10/14"]
[Site "Buek"]
[Date "2023.06.19"]
[Round "1"]
[White "Toth, Barnabas1111"]
[Black "Gyorfi, Adam"]
[Result "1-0"]
[WhiteElo "2057"]
[BlackElo "1818"]
[PlyCount "127"]
[EventDate "2023.06.17"]
[EventType "swiss"]
[EventRounds "9"]
[EventCountry "HUN"]
[SourceTitle "CBM 215 Extra"]
[Source "ChessBase"]
[SourceDate "2023.09.30"]
[SourceVersion "1"]
[SourceVersionDate "2023.09.30"]
[SourceQuality "1"]

1. d4 Nf6 2. Nf3 g6 3. g3 Bg7 4. Bg2 0-0 5. 0-0 d5 6. c4 c6 7. Qb3 dxc4 8. Qxc4 Be6 9. Qa4 Nbd7 10. Ng5 Nb6 11. Nxe6 Nxa4 12. Nxd8 Rfxd8 13. b3 Nb6 14. Bb2 Nfd5 15. Na3 Rd7 16. Rfd1 Rad8 17. Nc2 a5 18. a3 Nc7 19. e3 a4 20. b4 Nc4 21. Rab1 e5 22. Ba1 Nb5 23. Bf1 Ncxa3 24. Nxa3 Nxa3 25. Rb2 exd4 26. Rbd2 d3 27. Ra2 Nb5 28. Rxa4 Bxa1 29. Raxa1 Nc3 30. Rd2 Ne4 31. Rdd1 d2 32. Ra3 c5 33. bxc5 Nxc5 34. Ra2 Ne4 35. Rc2 Kg7 36. f3 Ng5 37. Kf2 Kf6 38. Ke2 Ke6 39. h4 Nxf3 40. Kxf3 Ke5 41. Ke2 Re7 42. Rcxd2 Rde8 43. Rd5+ Kf6 44. Rd6+ Kg7 45. R1d3 Re5 46. Rb6 g5 47. Rxb7 gxh4 48. gxh4 Re4 49. h5 Rh4 50. Rdd7 Rf8 51. Rb5 Kh6 52. Rdd5 Ra8 53. Rb6+ Kg7 54. Rg5+ Kf8 55. Kf3 Ra1 56. Bg2 Ra2 57. h6 Raa4 58. Re5 Rab4 59. Rd6 Rb8 60. Rf6 Ra4 61. Bh3 Rb7 62. Bf5 Rc4 63. Bxh7 Rc1 64. Ra6 1-0